ბათუმის შოთა რუსთაველის სახელმწიფო უნივერსიტეტის ბიბლიოთეკა

Fce Goly. Plus. Exam Maximiser : (ბიბ.ჩანაწერი № 36268)

000 -LEADER
fixed length control field 00716nam a2200229Ia 4500
001 - CONTROL NUMBER
control field 2175
003 - CONTROL NUMBER IDENTIFIER
control field GE_BSU
005 - DATE AND TIME OF LATEST TRANSACTION
control field 20221025101728.0
008 - FIXED-LENGTH DATA ELEMENTS--GENERAL INFORMATION
fixed length control field 181216s2008en xx |||||||||||||| ||eng||
020 ## - INTERNATIONAL STANDARD BOOK NUMBER
International Standard Book Number 978140584801
040 ## - CATALOGING SOURCE
Transcribing agency GE_BSU
080 ## - UNIVERSAL DECIMAL CLASSIFICATION NUMBER
Universal Decimal Classification number 811.111(075.8) B-96
100 ## - MAIN ENTRY--PERSONAL NAME
Personal name Burgess,Sally.
9 (RLIN) 15505
245 ## - TITLE STATEMENT
Title Fce Goly. Plus. Exam Maximiser :
Remainder of title With key /
Statement of responsibility, etc. Sally Burgess, With Jacky Newbrook and judikh Wilson.
264 ## - PRODUCTION, PUBLICATION, DISTRIBUTION, MANUFACTURE, AND COPYRIGHT NOTICE
Place of production, publication, distribution, manufacture Oxford,
Date of production, publication, distribution, manufacture, or copyright notice 2008.
300 ## - PHYSICAL DESCRIPTION
Extent 160 p.:
Other physical details 28 cm
Dimensions Fce Coi Plus Maximisen CD 12
653 ## - INDEX TERM--UNCONTROLLED
keyword Fce Goly. Plus. Exam Maximiser. With key
653 ## - INDEX TERM--UNCONTROLLED
keyword ინგლისური
700 ## - ADDED ENTRY--PERSONAL NAME
Personal name Newbrook, Jacky
9 (RLIN) 15506
700 ## - ADDED ENTRY--PERSONAL NAME
Personal name Wilson, judikh
9 (RLIN) 15507
942 ## - ADDED ENTRY ELEMENTS (KOHA)
Koha item type წიგნი
Source of classification or shelving scheme
ეგზემპლარები
Withdrawn status Lost status Source of classification or shelving scheme Damaged status Not for loan Permanent Location Current Location Shelving location Date acquired Cost, normal purchase price Full call number Barcode Date last seen Copy number Price effective from Koha item type Public note
          ბათუმის შოთა რუსთაველის სახელმწიფო უნივერსიტეტის მთავარი ბიბლიოთეკა ბათუმის შოთა რუსთაველის სახელმწიფო უნივერსიტეტის მთავარი ბიბლიოთეკა წიგნსაცავი 2018-12-17 7.00 811.111(075.8) B-96 4387 2018-12-17 4387 2018-12-17 წიგნი 7 ლ.